000
00281nam a2200121Ia 4500
008
190216s9999||||xx |||||||||||||| ||und||
100
_a
Varma Jd & Dewett Kk
245
0
_a
Indian Economics
260
_b
S Chand & Co
_c
1978
300
_a
884p
650
_a
Economics
942
_c
BK
999
_c
9659
_d
9659